000 01441nam a2200229Ia 4500
003 Ost
005 20260416102355.0
008 260416s9999||||xx |||||||||||||| ||und||
040 _cfsecg
041 _aara
082 _a350.996
100 _aموساوي، هاجر
_eمؤلف
245 0 _aالفساد وأخلاقيات العمل /
_c هاجر موساوي
260 _aالجزائر
_bجامعة الجزائر3: كلية العلوم الإقتصادية، العلوم التجارية وعلوم التسيير
_c2020
300 _a77 ورقة
_bايضاحات
_c30 سم
504 _aمراجع ص.73
520 _aجوهر الفساد، أنواع الفساد، مظاهر الفساد الاداري و المالي، أسباب الفساد الاداري، آثار الفساد الاداري و المالي، محاربة الفساد من طرف الهيئات و المنظمات الدولية و المحلية، طرق العلاج و سبل محاربة الفساد الاداري و المالي، نماذج لتجارب بعض الدول في مكافحة الفساد، الاطار المفاهيمي لاخلاقيات العمل.
653 _aالأخلاق المهنية
653 _aالفساد الاداري
710 _aجامعة الجزائر3: كلية العلوم الإقتصادية، العلوم التجارية وعلوم التسيير
_eناشر علمي
942 _cHANDOUT
999 _c41168
_d41168